Export Ready — 

Geografia religiosa del Fayyum : dalle origini al IV. secolo a.C /

Saved in:

Main Author: Zecchi, Marco (Author)

Format: Book

Language: Italian

Series: Archeologia e storia della civilta egizianae del vicino Oriente antico ; 7.

Subjects:

Tags: Add Tag

No Tags, Be the first to tag this record!

Call Number: DT57 .A6 v.7

LEADER 01059namaa2200277 4500
001 22934
003 OSt
005 20211225132324.0
008 130303s2001 it g b 001 0 ita d
952 |0 0  |1 0  |2 lcc  |3 v.7  |4 0  |6 DT0057 A6 V.00007  |7 1  |9 24018  |a ARCE  |b ARCE  |d 2021-12-25  |l 0  |o DT57 .A6 v.7  |p 1010606  |r 2021-12-25 00:00:00  |w 2021-12-25  |y BK 
999 |c 20410  |d 20410 
020 |a 8888108262 
040 |c ARCE Library 
043 |a f-ua--- 
050 4 |a DT57 .A6 v.7 
100 1 |a Zecchi, Marco,  |e author  |9 42653 
245 1 0 |a Geografia religiosa del Fayyum :   |b dalle origini al IV. secolo a.C /   |c Marco Zecchi. 
264 1 |a Imola (Bo), Italy :   |b La Mandragora,   |c c2001. 
300 |a 307 pages ;   |c 24 cm. 
490 1 |a Archeologia e storia della civilta egizianae del vicino Oriente antico ;   |v 7. 
504 |a Includes bibliographical references and index. 
650 0 |a Cults  |z Egypt  |z Fayyūm. 
651 0 |a Fayyūm (Egypt)  |x Religion. 
830 0 |a Archeologia e storia della civilta egizianae del vicino Oriente antico ;   |v 7. 
901 |a reviewed 
942 |c BK  |2 lcc